| 000 | 00723nam a22002057a 4500 | ||
|---|---|---|---|
| 005 | 20131009123824.0 | ||
| 010 | _aB-515642-678 | ||
| 020 |
_a8184821182 _c50.00 |
||
| 020 |
_a9788184821185 _c50.00 |
||
| 035 | _aB-515642-678 | ||
| 037 | _bUBH/Ven. | ||
| 082 | _aS | ||
| 245 |
_aLokamanya Tilak / _cedited by Anant Pai; illustrated by Dilip Kadam |
||
| 260 |
_aMumbai _bAmar Chitra Katha _c2012 (repr.) |
||
| 270 |
_aKrishna House, 3rd Floor, Raghuvanshi Mill Compound, S.B. Marg, Lower Parel (W) _bMumbai _e400013 |
||
| 300 |
_avol.645, 31p. : _c24cm(pbk) _bcol.ill. |
||
| 700 | _aPai, Anant | ||
| 942 |
_2ddc _cCH _mLOK _hS |
||
| 999 |
_c79087 _d79087 |
||